Scegliere la scuola (Record n. 208125)

Dettagli MARC
000 -LEADER
fixed length control field 00711npc a2200205Ia 4500
001 - CONTROL NUMBER
control field dd36-50222
003 - CONTROL NUMBER IDENTIFIER
control field IT-MiCISF
008 - FIXED-LENGTH DATA ELEMENTS--GENERAL INFORMATION
fixed length control field 161014s9999||||xx | und||
040 ## - CATALOGING SOURCE
Original cataloging agency IT-MiCISF
Transcribing agency IT-MiCISF
041 ## - LANGUAGE CODE
Language code of text/sound track or separate title it
999 ## - SYSTEM CONTROL NUMBERS (KOHA)
Koha Dewey Subclass [OBSOLETE] si
100 ## - MAIN ENTRY--PERSONAL NAME
Personal name Lagomarsino Francesca (a cura di)
245 #0 - TITLE STATEMENT
Title Scegliere la scuola
Remainder of title Vantaggi e costi della libertà di scelta delle famiglie
250 ## - EDITION STATEMENT
Edition statement 1a ed.
260 ## - PUBLICATION, DISTRIBUTION, ETC. (IMPRINT)
Name of publisher, distributor, etc. Agesc, Cdo opere educative, CIOFS Scuola FMA, CNOS Scuola
Date of publication, distribution, etc. 2011
300 ## - PHYSICAL DESCRIPTION
Extent pp. 65
500 ## - GENERAL NOTE
General note CPS, FAES, FIDAE, FISM. # Pasolini R., Colombo M., Ribolzi L., Agasisti T., Pandolfini V., Gentili C. # / scuola, famiglia, economia /
650 ## - SUBJECT ADDED ENTRY--TOPICAL TERM
Topical term or geographic name as entry element scuola
942 ## - ADDED ENTRY ELEMENTS (KOHA)
Koha item type DOCUMENTI
957 ## -
-- 1
999 ## - SYSTEM CONTROL NUMBERS (KOHA)
-- 1
Dati di copia
Withdrawn status Lost status Damaged status Not for loan Home library Current library Date acquired Total Checkouts Full call number Date last seen Price effective from Koha item type Public note
    Buone Condizioni Not For Loan CISF - Milano CISF - Milano 14/10/2016   dd36-50222 14/10/2016 14/10/2016 DOCUMENTI Data import 15.10.2016 / by Epidotti, Vaglietti
CREDITS: SOCIETA' SAN PAOLO Via A.Severo, 58 - ROMA (RM) & PERIODICI SAN PAOLO SRL Via Giotto, 36 MILANO & CISF Via Giotto, 36 MILANO & EDIZIONI SAN PAOLO SRL,  Piazza Soncino, 5 CINISELLO BALSAMO (MI) -- ITALY